[Event "DVM U16 2010"]
[Site "Naumburg (Saale) GER"]
[Date "2010.12.27"]
[Round "1"]
[White "Wendling, Florian"]
[Black "Medvedovski, Michael"]
[Result "0-1"]
[Termination "normal"]
[Board "7.1"]
[WhiteElo "1936"]
[BlackElo "1886"]
[WhiteTeam "Naumburger SV 1951"]
[BlackTeam "Sabt Frankfurter TV 1860"]
[PlyCount "46"]
[WhiteFideId "24640212"]
[BlackFideId "24600830"]
[EventCountry "GER"]
[EventRounds "7"]
[EventType "team-swiss"]
[EventDate "2010.12.26"]

1. e4 c5 2. Nf3 Nc6 3. d4 cxd4 4. Nxd4 e5 5. Nb5 d6 6. N1c3 a6 7. Na3 b5 8. Nd5
Nge7 9. c3 Nxd5 10. exd5 Ne7 11. Be2 Ng6 12. Nc2 Bd7 13. Be3 Be7 14. O-O Bg5
15. Qd2 Bxe3 16. fxe3 f5 17. Nb4 O-O 18. Nd3 Qg5 19. Kh1 Ne7 20. Ne1 e4 21. Nc2
Rf6 22. Rf2 Rh6 23. Rg1 Rxh2+ 0-1

[Event "DVM U16 2010"]
[Site "Naumburg (Saale) GER"]
[Date "2010.12.27"]
[Round "1"]
[White "Diyap, Murat"]
[Black "Franke, Oliver"]
[Result "1-0"]
[Termination "normal"]
[Board "7.2"]
[WhiteElo "1951"]
[BlackElo "1485"]
[WhiteTeam "Sabt Frankfurter TV 1860"]
[BlackTeam "Naumburger SV 1951"]
[PlyCount "123"]
[WhiteFideId "1272104"]
[EventCountry "GER"]
[EventRounds "7"]
[EventType "team-swiss"]
[EventDate "2010.12.26"]

1. e4 e6 2. d4 d5 3. e5 c5 4. c3 Nc6 5. Nf3 Bd7 6. Be3 Qb6 7. b3 Be7 8. Bd3 f6
9. O-O fxe5 10. Nxe5 Nxe5 11. dxe5 Qc7 12. Qh5+ Kd8 13. f4 Nh6 14. g4 Kc8 15.
Nd2 b6 16. g5 Nf5 17. Bxf5 exf5 18. Qf7 Bf8 19. Qxd5 Bc6 20. Qe6+ Qd7 21. Qxd7+
Kxd7 22. Rad1 Ke6 23. Nc4 Be7 24. Rd2 Rad8 25. Rfd1 Rxd2 26. Rxd2 Rd8 27. Rxd8
Bxd8 28. Nd6 Bc7 29. Nc4 Be4 30. Nd2 Bd3 31. c4 h6 32. gxh6 gxh6 33. Kf2 Bd8
34. Kg3 Be7 35. Kh3 a6 36. Bf2 Be2 37. Bh4 Bxh4 38. Kxh4 Ke7 39. Nb1 Ke6 40.
Nc3 Bf3 41. Na4 Kd7 42. Nxb6+ Kc6 43. Nd5 a5 44. Ne7+ Kd7 45. Nxf5 h5 46. Ne3
Ke6 47. Kg5 Be2 48. Kg6 h4 49. f5+ Kxe5 50. f6 Ke6 51. Kg7 Bh5 52. Nd5 Kf5 53.
Ne7+ Kg4 54. Ng6 Kh3 55. f7 Kxh2 56. f8=Q h3 57. Qf2+ Kh1 58. Nf4 Bf3 59. Qf1+
Kh2 60. Qxh3+ Kg1 61. Qxf3 Kh2 62. Qg2# 1-0

[Event "DVM U16 2010"]
[Site "Naumburg (Saale) GER"]
[Date "2010.12.27"]
[Round "1"]
[White "Weißenburg, Isabel"]
[Black "Keller, Peter"]
[Result "0-1"]
[Termination "normal"]
[Board "7.3"]
[WhiteElo "1636"]
[BlackElo "1802"]
[WhiteTeam "Naumburger SV 1951"]
[BlackTeam "Sabt Frankfurter TV 1860"]
[PlyCount "124"]
[WhiteFideId "4612922"]
[BlackFideId "1272105"]
[EventCountry "GER"]
[EventRounds "7"]
[EventType "team-swiss"]
[EventDate "2010.12.26"]

1. e4 e5 2. Nf3 Nc6 3. Bc4 Nf6 4. Nc3 Nxe4 5. Nxe4 d5 6. Bxd5 Qxd5 7. Nc3 Qd8
8. Qe2 Bd6 9. d3 O-O 10. Bd2 Nd4 11. Qd1 Bg4 12. h3 Bxf3 13. gxf3 Qf6 14. Ne4
Nxf3+ 15. Kf1 Nxd2+ 16. Qxd2 Qf3 17. Rh2 h6 18. h4 f5 19. Nxd6 cxd6 20. Rg2 Rf6
21. Qe3 Qxe3 22. fxe3 f4 23. Kf2 fxe3+ 24. Kxe3 Raf8 25. Rag1 R8f7 26. c4 Rf3+
27. Ke2 Rh3 28. Rg6 Rxh4 29. Rxd6 Rh2+ 30. Ke3 Kh7 31. Re6 Rxb2 32. Rxe5 Rxa2
33. Re8 a5 34. Ra8 Ra3 35. Rb1 Rd7 36. Rd1 b6 37. Ke4 Ra4 38. Rb1 Rd6 39. Rb8
Rb4 40. Ra1 g5 41. Kf5 Rxd3 42. Rb7+ Kg8 43. Kg6 Rd6+ 44. Kf5 Rxc4 45. Rb8+ Kf7
46. Rb7+ Ke8 47. Re1+ Kd8 48. Ree7 Rc5+ 49. Ke4 Rcd5 50. Rg7 Rd7 51. Rg8+ Ke7
52. Rxb6 R5d6 53. Rg7+ Kf6 54. Rxd7 Rxb6 55. Ra7 Rb4+ 56. Kf3 g4+ 57. Kg3 Ra4
58. Ra8 h5 59. Rf8+ Kg7 60. Rf5 Kg6 61. Rb5 Ra3+ 62. Kh4 Rh3# 0-1

[Event "DVM U16 2010"]
[Site "Naumburg (Saale) GER"]
[Date "2010.12.27"]
[Round "1"]
[White "Abrahamyan, Arsen"]
[Black "Sträßer, Martin"]
[Result "1-0"]
[Termination "normal"]
[Board "7.4"]
[WhiteElo "1709"]
[BlackElo "1258"]
[WhiteTeam "Sabt Frankfurter TV 1860"]
[BlackTeam "Naumburger SV 1951"]
[PlyCount "103"]
[WhiteFideId "1271755"]
[EventCountry "GER"]
[EventRounds "7"]
[EventType "team-swiss"]
[EventDate "2010.12.26"]

1. e4 e5 2. Nf3 Nc6 3. d4 d6 4. Bb5 a6 5. Bxc6+ bxc6 6. dxe5 dxe5 7. Qxd8+ Kxd8
8. Nxe5 Ke8 9. Nc3 Bb7 10. Be3 Bd6 11. Nc4 f6 12. O-O-O Rd8 13. Na4 Ne7 14. Nc5
Bxc5 15. Rxd8+ Kxd8 16. Bxc5 Re8 17. Rd1+ Kc8 18. Ne3 g6 19. Ng4 Ng8 20. f3 h5
21. Nf2 Rd8 22. Nd3 a5 23. Nf4 Rxd1+ 24. Kxd1 g5 25. Nxh5 Kd7 26. Kd2 Bc8 27.
Bd4 Ke7 28. Bc3 a4 29. Bb4+ Kd7 30. Ke3 Ba6 31. Bc3 Ke7 32. Ng3 Nh6 33. Nf5+
Nxf5+ 34. exf5 Bc4 35. a3 Bd5 36. g4 c5 37. f4 gxf4+ 38. Kxf4 Kf7 39. h4 Ke7
40. g5 fxg5+ 41. hxg5 Kf7 42. g6+ Kf8 43. f6 Be6 44. Be5 c6 45. Bd6+ Ke8 46.
f7+ Bxf7 47. gxf7+ Kxf7 48. Bxc5 Ke6 49. Ke3 Kd7 50. b3 axb3 51. cxb3 Kc7 52.
Kd4 1-0

[Event "DVM U16 2010"]
[Site "Naumburg (Saale) GER"]
[Date "2010.12.27"]
[Round "1"]
[White "Weber, Max"]
[Black "Imgrunt, Philipp"]
[Result "1-0"]
[Termination "normal"]
[Board "8.1"]
[WhiteElo "2004"]
[BlackElo "1712"]
[WhiteTeam "SSC Rostock"]
[BlackTeam "SK Ettlingen"]
[PlyCount "75"]
[WhiteFideId "4624831"]
[BlackFideId "1271139"]
[EventCountry "GER"]
[EventRounds "7"]
[EventType "team-swiss"]
[EventDate "2010.12.26"]

1. d4 d5 2. c4 dxc4 3. e3 Nf6 4. Bxc4 c6 5. Nf3 Qc7 6. Qb3 e6 7. O-O Bd6 8. Nc3
Nbd7 9. e4 b5 10. Bxb5 Nxe4 11. Nxe4 cxb5 12. Qxb5 Rb8 13. Qg5 Rg8 14. Nxd6+
Qxd6 15. Bf4 Qb6 16. Bxb8 Qxb8 17. b3 h6 18. Qd2 g5 19. d5 g4 20. Nd4 Ne5 21.
Qe2 Nf3+ 22. Nxf3 gxf3 23. Qxf3 Bb7 24. Rad1 Bxd5 25. Rxd5 exd5 26. Qxd5 Qc8
27. Qd6 Rg6 28. Qe5+ Kf8 29. Qh8+ Rg8 30. Qxh6+ Rg7 31. Rd1 Kg8 32. Qh4 f6 33.
Qc4+ Qxc4 34. bxc4 Rc7 35. Rd4 Rb7 36. Kf1 Rb2 37. Rd8+ Kf7 38. Rd7+ 1-0

[Event "DVM U16 2010"]
[Site "Naumburg (Saale) GER"]
[Date "2010.12.27"]
[Round "1"]
[White "Schwingen, Dominik"]
[Black "Luther, Alexander"]
[Result "0-1"]
[Termination "normal"]
[Board "8.2"]
[WhiteElo "1686"]
[BlackElo "1910"]
[WhiteTeam "SK Ettlingen"]
[BlackTeam "SSC Rostock"]
[PlyCount "120"]
[WhiteFideId "24684627"]
[BlackFideId "24682616"]
[EventCountry "GER"]
[EventRounds "7"]
[EventType "team-swiss"]
[EventDate "2010.12.26"]

1. e4 c5 2. Nc3 Nc6 3. g3 g6 4. Bg2 Bg7 5. f4 d6 6. d3 e6 7. Nf3 Nge7 8. O-O
O-O 9. Rb1 Rb8 10. Be3 b6 11. Qd2 Bb7 12. Ne2 d5 13. e5 d4 14. Bf2 Qd7 15. Rfd1
Rfd8 16. Qe1 Nd5 17. a3 Nce7 18. Nd2 Nf5 19. Bxd5 exd5 20. Nf3 h5 21. Qd2 Re8
22. Re1 Qc6 23. b4 Bh6 24. b5 Qd7 25. Kh1 Rbd8 26. a4 Ng7 27. Neg1 Qc7 28. Qd1
Bc8 29. Kg2 Bd7 30. Qd2 Ne6 31. Ne2 a6 32. bxa6 Bxa4 33. Ra1 b5 34. c4 dxc4 35.
dxc4 Ra8 36. Reb1 Reb8 37. Rc1 Qb6 38. Qe1 Rxa6 39. cxb5 Qxb5 40. Rcb1 Qe8 41.
Rxb8 Qxb8 42. Rb1 Rb6 43. Rxb6 Qxb6 44. Nd2 Bc6+ 45. Kf1 Bb5 46. Qb1 Bxe2+ 47.
Kxe2 Qxb1 48. Nxb1 Bf8 49. Kd3 Be7 50. Nd2 Kf8 51. Ne4 Ke8 52. Kc4 Kd7 53. Be1
Kc6 54. Bf2 Nc7 55. Bg1 Nd5 56. Bf2 Nb6+ 57. Kd3 Kd5 58. Nd2 c4+ 59. Kc2 d3+
60. Kc3 Na4# 0-1

[Event "DVM U16 2010"]
[Site "Naumburg (Saale) GER"]
[Date "2010.12.27"]
[Round "1"]
[White "Pererva, Viktor"]
[Black "Weber, Clemens"]
[Result "1-0"]
[Termination "normal"]
[Board "8.3"]
[WhiteElo "1962"]
[BlackElo "1504"]
[WhiteTeam "SSC Rostock"]
[BlackTeam "SK Ettlingen"]
[PlyCount "55"]
[WhiteFideId "24696463"]
[BlackFideId "12927813"]
[EventCountry "GER"]
[EventRounds "7"]
[EventType "team-swiss"]
[EventDate "2010.12.26"]

1. e4 e5 2. Nf3 Nc6 3. Bb5 a6 4. Ba4 d6 5. c3 Nf6 6. d4 b5 7. Bc2 exd4 8. Nxd4
Nxd4 9. cxd4 Be7 10. O-O O-O 11. Re1 c6 12. Nd2 Re8 13. Nf1 h6 14. b3 Qc7 15.
Bb2 Bd7 16. Rc1 Rad8 17. Bb1 Nh7 18. f4 Nf6 19. Qc2 Nh7 20. e5 g6 21. e6 Nf8
22. exd7 Rxd7 23. f5 Rdd8 24. fxg6 fxg6 25. d5 Qb6+ 26. Kh1 cxd5 27. Qd2 Qb7
28. Qxh6 1-0

[Event "DVM U16 2010"]
[Site "Naumburg (Saale) GER"]
[Date "2010.12.27"]
[Round "1"]
[White "Kupferschmid, Gernot"]
[Black "Bardosch, Karl"]
[Result "0-1"]
[Termination "normal"]
[Board "8.4"]
[WhiteElo "1443"]
[BlackElo "1678"]
[WhiteTeam "SK Ettlingen"]
[BlackTeam "SSC Rostock"]
[PlyCount "116"]
[WhiteFideId "1270634"]
[BlackFideId "24696480"]
[EventCountry "GER"]
[EventRounds "7"]
[EventType "team-swiss"]
[EventDate "2010.12.26"]

1. e4 c5 2. Nc3 d6 3. g3 Nf6 4. Bg2 e6 5. d3 Nc6 6. f4 Be7 7. Nf3 O-O 8. O-O
Rb8 9. Bd2 Bd7 10. h3 b5 11. Rb1 a5 12. g4 b4 13. Ne2 h6 14. Qe1 Be8 15. f5 e5
16. g5 hxg5 17. Nxg5 Nh7 18. Nf3 Bg5 19. Nxg5 Nxg5 20. f6 Nh7 21. Qg3 Nxf6 22.
Bg5 Nh5 23. Qg4 f6 24. Be3 Kh7 25. Qh4 Rh8 26. Ng3 Kg8 27. Nf5 Rb7 28. Kh2 Nf4
29. Qg3 Nxg2 30. Qxg2 Nd4 31. Bxd4 cxd4 32. Rf3 g6 33. Ng3 Rbh7 34. Ne2 Qc8 35.
Ng1 Kg7 36. Rbf1 Rf8 37. Qf2 Qd8 38. Rc1 Bd7 39. c3 Qc8 40. c4 f5 41. Rf1 f4
42. Qg2 Kf6 43. Ne2 g5 44. Rg1 Rg8 45. Rgf1 g4 46. Nxf4 exf4 47. Rxf4+ Ke7 48.
Re1 Rxh3+ 49. Kg1 Rgh8 50. e5 Rh1+ 51. Qxh1 Rxh1+ 52. Kxh1 Qh8+ 53. Kg1 g3 54.
exd6+ Kxd6 55. Ree4 Qh2+ 56. Kf1 g2+ 57. Kf2 g1=Q+ 58. Kf3 Qhf2# 0-1

[Event "DVM U16 2010"]
[Site "Naumburg (Saale) GER"]
[Date "2010.12.27"]
[Round "1"]
[White "Friedt, Marius"]
[Black "Hinrichs, Jan"]
[Result "1/2-1/2"]
[Termination "normal"]
[Board "9.1"]
[WhiteElo "1939"]
[BlackElo "1880"]
[WhiteTeam "Erfurter Schachklub"]
[BlackTeam "Hamburger SK"]
[PlyCount "45"]
[WhiteFideId "4642830"]
[BlackFideId "12907294"]
[EventCountry "GER"]
[EventRounds "7"]
[EventType "team-swiss"]
[EventDate "2010.12.26"]

1. e4 c5 2. Nc3 d6 3. f4 e6 4. Nf3 Nc6 5. Be2 g6 6. O-O Bg7 7. Qe1 Nge7 8. d3
O-O 9. Qh4 Rb8 10. Ng5 h6 11. Nh3 f5 12. g4 b5 13. Rf2 Bd4 14. Qxh6 Rf7 15. Ng5
Bxf2+ 16. Kxf2 Rg7 17. Be3 Rb7 18. Rg1 Kf8 19. gxf5 exf5 20. Nh7+ Kf7 21. Ng5+
Kf8 22. Nh7+ Kf7 23. Ng5+ 1/2-1/2

[Event "DVM U16 2010"]
[Site "Naumburg (Saale) GER"]
[Date "2010.12.27"]
[Round "1"]
[White "Hinrichs, Lars"]
[Black "Bodenstein, Lars"]
[Result "1-0"]
[Termination "normal"]
[Board "9.2"]
[WhiteElo "1907"]
[BlackElo "1441"]
[WhiteTeam "Hamburger SK"]
[BlackTeam "Erfurter Schachklub"]
[PlyCount "53"]
[WhiteFideId "12921769"]
[BlackFideId "12912352"]
[EventCountry "GER"]
[EventRounds "7"]
[EventType "team-swiss"]
[EventDate "2010.12.26"]

1. c4 c5 2. g3 g6 3. Bg2 Bg7 4. Nc3 Nf6 5. e4 d6 6. Nge2 Nc6 7. d3 O-O 8. O-O
Nh5 9. Be3 e5 10. f4 f5 11. Qd2 Nf6 12. h3 Be6 13. b3 Qe7 14. Kh2 Rab8 15. Rab1
a6 16. a4 Ne8 17. Nd5 Bxd5 18. exd5 Nd4 19. fxe5 dxe5 20. Nxd4 exd4 21. Bf4 Nd6
22. b4 b6 23. bxc5 bxc5 24. Qa5 Ra8 25. Qxc5 Nb7 26. Qc7 Rf7 27. Rxb7 1-0

[Event "DVM U16 2010"]
[Site "Naumburg (Saale) GER"]
[Date "2010.12.27"]
[Round "1"]
[White "Sander, Dan Allan"]
[Black "Meichsner, Marwin"]
[Result "1-0"]
[Termination "normal"]
[Board "9.4"]
[WhiteElo "1659"]
[BlackElo "1349"]
[WhiteTeam "Hamburger SK"]
[BlackTeam "Erfurter Schachklub"]
[PlyCount "85"]
[WhiteFideId "12906964"]
[BlackFideId "12927830"]
[EventCountry "GER"]
[EventRounds "7"]
[EventType "team-swiss"]
[EventDate "2010.12.26"]

1. c4 Nf6 2. g3 g6 3. Bg2 Bg7 4. d4 d6 5. Nc3 O-O 6. e4 e5 7. d5 Nbd7 8. Nge2
Ne8 9. Be3 f5 10. Qd2 Rf7 11. O-O Bf8 12. Rac1 Ng7 13. f3 Be7 14. b4 g5 15. Na4
f4 16. Bf2 Nf6 17. c5 Nxe4 18. fxe4 f3 19. Bh1 fxe2 20. Qxe2 Bh3 21. Bg2 Qd7
22. c6 bxc6 23. Bxh3 Qxh3 24. Rxc6 Bf8 25. Nc3 Ne8 26. Nb5 a5 27. bxa5 Rxa5 28.
Rfc1 Nf6 29. Nxc7 Ng4 30. Bb6 Rf2 31. Bxf2 Qxh2+ 32. Kf1 Qh1+ 33. Bg1 Rxa2 34.
Qxa2 Ne3+ 35. Ke2 Qg2+ 36. Bf2 Ng4 37. Kd1 Nxf2+ 38. Kc2 Qxe4+ 39. Kb2 Nd3+ 40.
Ka1 Qd4+ 41. R1c3 Qg1+ 42. Qb1 Qa7+ 43. Ra6 1-0

[Event "DVM U16 2010"]
[Site "Naumburg (Saale) GER"]
[Date "2010.12.27"]
[Round "2"]
[White "Zimmermann, Ulrich"]
[Black "Möhn, Hans"]
[Result "0-1"]
[Termination "normal"]
[Board "1.1"]
[WhiteElo "2054"]
[BlackElo "2003"]
[WhiteTeam "SK Bebenhausen"]
[BlackTeam "SC 1911 Großröhrsdorf"]
[PlyCount "96"]
[WhiteFideId "24654523"]
[BlackFideId "24647837"]
[EventCountry "GER"]
[EventRounds "7"]
[EventType "team-swiss"]
[EventDate "2010.12.26"]

1. e4 c5 2. Nf3 Nc6 3. Bb5 g6 4. O-O Bg7 5. c3 Nf6 6. Re1 O-O 7. d4 cxd4 8.
cxd4 d5 9. e5 Ne4 10. Nc3 Bf5 11. h3 Rc8 12. g4 Be6 13. Bd3 Qb6 14. Bb1 Rfd8
15. Re2 f5 16. exf6 exf6 17. Be3 f5 18. Ng5 Nxg5 19. Bxg5 Nxd4 20. Rd2 fxg4 21.
Bxd8 Rxd8 22. hxg4 Rf8 23. Na4 Qc7 24. Rxd4 Bxd4 25. Qxd4 Rf4 26. Qe3 Rxg4+ 27.
Kf1 Bf7 28. Nc5 d4 29. Qe2 Rh4 30. Ne4 Rh1+ 31. Kg2 Qh2+ 32. Kf3 Bd5 33. Qd3
Qe5 34. Qd2 Rh4 35. Kg2 Bxe4+ 36. Bxe4 Qxe4+ 37. f3 Qe5 38. Rh1 Rxh1 39. Kxh1
Qe3 40. Qd1 d3 41. Qb3+ Kg7 42. Qxb7+ Kh6 43. Qd7 Qxf3+ 44. Kh2 Qe3 45. Qd8 d2
46. Qh4+ Kg7 47. Qg5 Qf2+ 48. Kh3 Qf5+ 0-1

[Event "DVM U16 2010"]
[Site "Naumburg (Saale) GER"]
[Date "2010.12.27"]
[Round "2"]
[White "Gerntke, Oliver"]
[Black "Braun, Georg"]
[Result "0-1"]
[Termination "normal"]
[Board "1.2"]
[WhiteElo "1910"]
[BlackElo "2073"]
[WhiteTeam "SC 1911 Großröhrsdorf"]
[BlackTeam "SK Bebenhausen"]
[PlyCount "76"]
[WhiteFideId "24647977"]
[BlackFideId "24629383"]
[EventCountry "GER"]
[EventRounds "7"]
[EventType "team-swiss"]
[EventDate "2010.12.26"]

1. Nf3 c5 2. c4 Nc6 3. Nc3 Nf6 4. g3 d5 5. cxd5 Nxd5 6. Bg2 g6 7. O-O Bg7 8.
Nxd5 Qxd5 9. d3 O-O 10. Nd2 Qd7 11. Ne4 b6 12. Nc3 Bb7 13. Bd2 Rfd8 14. Qa4
Rac8 15. Qh4 Nd4 16. Be3 Nf5 17. Qc4 Bxg2 18. Kxg2 Qb7+ 19. Kg1 h5 20. Rab1 Bd4
21. Nd1 h4 22. Qc1 Kg7 23. g4 h3 24. f3 Nxe3 25. Nxe3 Qd7 26. Kh1 Qe6 27. Nc4
b5 28. Na3 Qxe2 29. Qc2 Qxc2 30. Nxc2 Bf6 31. Rfd1 Bg5 32. d4 c4 33. d5 Rc5 34.
Nb4 a5 35. Nc6 Rdxd5 36. Rxd5 Rxd5 37. Rf1 b4 38. f4 Bxf4 0-1

[Event "DVM U16 2010"]
[Site "Naumburg (Saale) GER"]
[Date "2010.12.27"]
[Round "2"]
[White "Kaulich, Philipp Theodor"]
[Black "Plaettner, Stefan"]
[Result "1-0"]
[Termination "normal"]
[Board "1.3"]
[WhiteElo "1961"]
[BlackElo "1805"]
[WhiteTeam "SK Bebenhausen"]
[BlackTeam "SC 1911 Großröhrsdorf"]
[PlyCount "93"]
[WhiteFideId "4641582"]
[BlackFideId "1270618"]
[EventCountry "GER"]
[EventRounds "7"]
[EventType "team-swiss"]
[EventDate "2010.12.26"]

1. e4 d6 2. d4 Nf6 3. Nc3 c6 4. f4 Qa5 5. Bd2 e5 6. Nd5 Qd8 7. Nxf6+ Qxf6 8.
dxe5 dxe5 9. Nf3 Nd7 10. Bc4 Bc5 11. Qe2 O-O 12. O-O-O b5 13. Bb3 a5 14. f5 Qd8
15. Ng5 h6 16. h4 a4 17. Bxf7+ Rxf7 18. Nxf7 Kxf7 19. g4 Qe7 20. g5 hxg5 21.
hxg5 Ke8 22. Rh8+ Nf8 23. Qh5+ Qf7 24. Qxf7+ Kxf7 25. g6+ Nxg6 26. fxg6+ Kxg6
27. Bc3 Be3+ 28. Bd2 Bd4 29. Rdh1 Bb7 30. Rxa8 Bxa8 31. Rh8 Bb7 32. c3 Bf2 33.
Rb8 Ba6 34. Re8 Bg3 35. Re6+ Kh7 36. Rxc6 Bb7 37. Rb6 Bxe4 38. Rxb5 Bd3 39. Ra5
e4 40. Be3 g6 41. Ra7+ Kg8 42. Kd2 Bh4 43. Rxa4 g5 44. Ra5 g4 45. Rh5 Bf6 46.
Bg5 Be5 47. Rh4 1-0

[Event "DVM U16 2010"]
[Site "Naumburg (Saale) GER"]
[Date "2010.12.27"]
[Round "2"]
[White "Schneider, Carsten"]
[Black "Xu, Xianliang"]
[Result "0-1"]
[Termination "normal"]
[Board "1.4"]
[WhiteElo "1512"]
[BlackElo "1993"]
[WhiteTeam "SC 1911 Großröhrsdorf"]
[BlackTeam "SK Bebenhausen"]
[PlyCount "54"]
[BlackFideId "4603230"]
[EventCountry "GER"]
[EventRounds "7"]
[EventType "team-swiss"]
[EventDate "2010.12.26"]

1. d4 d5 2. Nf3 Nc6 3. c4 Bg4 4. e3 e6 5. Nc3 Nf6 6. Bd3 Bd6 7. O-O O-O 8. a3
dxc4 9. Bxc4 e5 10. d5 e4 11. Nxe4 Nxe4 12. dxc6 bxc6 13. Be2 Qf6 14. Qc2 Rfe8
15. Nd4 Bxe2 16. Qxe2 Rad8 17. Nxc6 Bxh2+ 18. Kxh2 Qxc6 19. f3 Qh6+ 20. Kg1 Ng3
21. Qe1 Qh1+ 22. Kf2 Qxf1+ 23. Qxf1 Nxf1 24. Kxf1 Rd1+ 25. Ke2 Red8 26. g4 Rh1
27. Kf2 Rdd1 0-1

[Event "DVM U16 2010"]
[Site "Naumburg (Saale) GER"]
[Date "2010.12.27"]
[Round "2"]
[White "Medvedovski, Michael"]
[Black "Bauschmann, Christoph"]
[Result "1-0"]
[Termination "normal"]
[Board "2.1"]
[WhiteElo "1886"]
[BlackElo "1905"]
[WhiteTeam "Sabt Frankfurter TV 1860"]
[BlackTeam "Stader SV"]
[PlyCount "59"]
[WhiteFideId "24600830"]
[BlackFideId "24603414"]
[EventCountry "GER"]
[EventRounds "7"]
[EventType "team-swiss"]
[EventDate "2010.12.26"]

1. e4 c5 2. Nf3 Nc6 3. d4 cxd4 4. Nxd4 Nf6 5. Nc3 e5 6. Ndb5 d6 7. Nd5 Nxd5 8.
exd5 Nb8 9. a4 Be7 10. Be2 O-O 11. O-O f5 12. f4 a6 13. Na3 Nd7 14. Nc4 e4 15.
a5 b5 16. axb6 Nxb6 17. Na5 Qc7 18. Be3 Bf6 19. c4 Bd7 20. Ra2 Rfb8 21. b4 Be8
22. c5 Nc8 23. Qd2 Bb5 24. Nc6 Bxc6 25. dxc6 Qxc6 26. Bc4+ Kh8 27. Bd5 Qc7 28.
Bxa8 Rxa8 29. Rc1 Qe7 30. cxd6 1-0

[Event "DVM U16 2010"]
[Site "Naumburg (Saale) GER"]
[Date "2010.12.27"]
[Round "2"]
[White "Konow, Philipp"]
[Black "Diyap, Murat"]
[Result "1-0"]
[Termination "normal"]
[Board "2.2"]
[WhiteElo "1929"]
[BlackElo "1951"]
[WhiteTeam "Stader SV"]
[BlackTeam "Sabt Frankfurter TV 1860"]
[PlyCount "59"]
[WhiteFideId "4635230"]
[BlackFideId "1272104"]
[EventCountry "GER"]
[EventRounds "7"]
[EventType "team-swiss"]
[EventDate "2010.12.26"]

1. d4 d5 2. c4 e6 3. Nc3 Nf6 4. Bg5 Be7 5. e3 O-O 6. cxd5 exd5 7. Bd3 c6 8.
Nge2 Be6 9. O-O Nbd7 10. Kh1 Rc8 11. Ng3 h6 12. Bxf6 Nxf6 13. Nf5 Bb4 14. Qc2
Ba5 15. Rab1 Qd7 16. b4 Bc7 17. Ng3 Bb8 18. Qd2 Rfe8 19. b5 c5 20. dxc5 Rxc5
21. Nce2 Ne4 22. Qb4 Bd6 23. Qb2 Bg4 24. Nd4 Qd8 25. Kg1 Qh4 26. Rfc1 Rxc1+ 27.
Rxc1 Re5 28. Nf3 Bxf3 29. gxf3 Nf6 30. Qxe5 1-0

[Event "DVM U16 2010"]
[Site "Naumburg (Saale) GER"]
[Date "2010.12.27"]
[Round "2"]
[White "Keller, Peter"]
[Black "Carmesin, Matthias"]
[Result "1-0"]
[Termination "normal"]
[Board "2.3"]
[WhiteElo "1802"]
[BlackElo "1862"]
[WhiteTeam "Sabt Frankfurter TV 1860"]
[BlackTeam "Stader SV"]
[PlyCount "71"]
[WhiteFideId "1272105"]
[BlackFideId "4635965"]
[EventCountry "GER"]
[EventRounds "7"]
[EventType "team-swiss"]
[EventDate "2010.12.26"]

1. e4 c5 2. d4 cxd4 3. c3 d5 4. exd5 Qxd5 5. Nf3 Nf6 6. cxd4 e6 7. Nc3 Qa5 8.
Bd3 Nc6 9. O-O Be7 10. Be3 O-O 11. a3 Rd8 12. b4 Qc7 13. Qd2 b6 14. Rfc1 Bb7
15. Bf4 Bd6 16. Bg5 Qb8 17. Bxf6 Bf4 18. Qc2 gxf6 19. Rd1 f5 20. d5 Ne5 21.
Nxe5 Qxe5 22. g3 Qg7 23. Bc4 Be5 24. Rac1 Rdc8 25. Qb3 Bxc3 26. dxe6 Bf6 27.
Rd7 Bc6 28. Rxf7 Qg5 29. Rd1 Kh8 30. f4 Qg6 31. Rd6 Be8 32. Rf8+ Kg7 33. e7
Rxc4 34. Qxc4 Bf7 35. Rxa8 Bxc4 36. e8=Q 1-0

[Event "DVM U16 2010"]
[Site "Naumburg (Saale) GER"]
[Date "2010.12.27"]
[Round "2"]
[White "Vogt, Marc Jonas"]
[Black "Abrahamyan, Arsen"]
[Result "1/2-1/2"]
[Termination "normal"]
[Board "2.4"]
[WhiteElo "1632"]
[BlackElo "1709"]
[WhiteTeam "Stader SV"]
[BlackTeam "Sabt Frankfurter TV 1860"]
[PlyCount "100"]
[WhiteFideId "24695661"]
[BlackFideId "1271755"]
[EventCountry "GER"]
[EventRounds "7"]
[EventType "team-swiss"]
[EventDate "2010.12.26"]

1. e4 c5 2. Nf3 Nc6 3. d4 cxd4 4. Nxd4 e5 5. Nb5 d6 6. N1c3 a6 7. Na3 b5 8. Nd5
Nf6 9. Bg5 Be7 10. Bxf6 Bxf6 11. c3 O-O 12. Nc2 Bg5 13. Nce3 Bxe3 14. Nxe3 Bb7
15. Bd3 Ne7 16. Qh5 Ng6 17. Nd5 h6 18. g3 Ne7 19. Nxe7+ Qxe7 20. O-O-O Qg5+ 21.
Qxg5 hxg5 22. Rhe1 Rac8 23. Kb1 Rfd8 24. Bc2 Kf8 25. Bb3 Ke7 26. f3 f5 27. exf5
Bxf3 28. Rd3 Bg4 29. Be6 Rc7 30. Re4 Bh5 31. g4 Be8 32. Bd5 Bc6 33. Bxc6 Rxc6
34. h4 gxh4 35. Rh3 Rh8 36. g5 Rc4 37. Rxc4 bxc4 38. Kc2 Rh5 39. b3 cxb3+ 40.
axb3 Rxg5 41. Rxh4 Rxf5 42. Ra4 g5 43. Rxa6 g4 44. Ra1 Rg5 45. Kd3 g3 46. Ke3
d5 47. Kf3 Rg6 48. Ra7+ Kf8 49. Kg2 Rc6 50. Ra5 Rxc3 1/2-1/2

[Event "DVM U16 2010"]
[Site "Naumburg (Saale) GER"]
[Date "2010.12.27"]
[Round "2"]
[White "Pauly, Carlo"]
[Black "Weber, Max"]
[Result "0-1"]
[Termination "normal"]
[Board "3.1"]
[WhiteElo "2077"]
[BlackElo "2004"]
[WhiteTeam "SF Köln-Mülheim"]
[BlackTeam "SSC Rostock"]
[PlyCount "30"]
[WhiteFideId "24673269"]
[BlackFideId "4624831"]
[EventCountry "GER"]
[EventRounds "7"]
[EventType "team-swiss"]
[EventDate "2010.12.26"]

1. c4 Nf6 2. g3 d5 3. cxd5 Nxd5 4. Bg2 Nb6 5. b3 e5 6. Bb2 Bd6 7. Nc3 O-O 8.
Ne4 f5 9. Nxd6 cxd6 10. d4 e4 11. d5 N8d7 12. f3 Nf6 13. fxe4 fxe4 14. Nh3
Nbxd5 15. Bxe4 Qa5+ 0-1

[Event "DVM U16 2010"]
[Site "Naumburg (Saale) GER"]
[Date "2010.12.27"]
[Round "2"]
[White "Luther, Alexander"]
[Black "Eigemann, Frederik"]
[Result "1/2-1/2"]
[Termination "normal"]
[Board "3.2"]
[WhiteElo "1910"]
[BlackElo "1973"]
[WhiteTeam "SSC Rostock"]
[BlackTeam "SF Köln-Mülheim"]
[PlyCount "92"]
[WhiteFideId "24682616"]
[BlackFideId "24692034"]
[EventCountry "GER"]
[EventRounds "7"]
[EventType "team-swiss"]
[EventDate "2010.12.26"]

1. e4 e6 2. d4 d5 3. Nd2 c5 4. exd5 Qxd5 5. Ngf3 cxd4 6. Bc4 Qd6 7. O-O Nf6 8.
Nb3 Nc6 9. Nbxd4 Nxd4 10. Qxd4 Qxd4 11. Nxd4 Bd7 12. Bf4 a6 13. Rad1 Rc8 14.
Be2 Bc5 15. Nb3 Be7 16. c3 Nd5 17. Bg3 Bb5 18. Bxb5+ axb5 19. a3 O-O 20. Nd4
Rc4 21. Nb3 Rc6 22. Nd4 Rb6 23. Rfe1 Rc8 24. h3 h6 25. Kh2 Bc5 26. f4 Bxd4 27.
Rxd4 f5 28. Bf2 Ra6 29. g4 g6 30. gxf5 gxf5 31. Kg3 Kf7 32. Kf3 Rac6 33. Rdd1
Rg8 34. Rg1 Rcc8 35. Bd4 Rxg1 36. Rxg1 Rg8 37. Rxg8 Kxg8 38. Be5 Kf7 39. b3 Ne7
40. Ke3 Nc6 41. Bd6 Na5 42. Bb4 Nc6 43. Bc5 Kf6 44. Bd4+ Ke7 45. Bg7 h5 46. Kd3
Kd7 1/2-1/2